LIBRARY & INFORMATION CENTRE, KCAET, TAVANUR

ONLINE PUBLIC ACCESS CATALOGUE (OPAC)

Valmeeki (Record no. 17772)

MARC details
000 -LEADER
fixed length control field 00380nam a22001577a 4500
003 - CONTROL NUMBER IDENTIFIER
control field OSt
008 - FIXED-LENGTH DATA ELEMENTS--GENERAL INFORMATION
fixed length control field 231102b |||||||| |||| 00| 0 eng d
041 ## - LANGUAGE CODE
Language code of text/sound track or separate title eng
082 ## - DEWEY DECIMAL CLASSIFICATION NUMBER
Classification number 894.8121
Item number RAM / V
100 ## - MAIN ENTRY--AUTHOR NAME
Personal name Ramakrishnan, KV
245 ## - TITLE STATEMENT
Title Valmeeki
260 ## - PUBLICATION, DISTRIBUTION, ETC. (IMPRINT)
Place of publication Ernakulam:
Name of publisher CICC Book House,
Year of publication 1964.
300 ## - PHYSICAL DESCRIPTION
Number of Pages 77pages.
650 ## - SUBJECT ADDED ENTRY--TOPICAL TERM
Topical Term Malayalam Poetry
942 ## - ADDED ENTRY ELEMENTS (KOHA)
Koha item type Books
Holdings
Withdrawn status Lost status Damaged status Home library Current library Shelving location Date acquired Full call number Accession Number Koha item type
Withdrawn     KAUAET Central Prison Tavanur General Stacks 02/11/2023 894.8121 RAM / V 10264 Books
free website counter